| 000 | 00709cam a2200229 4500500 | ||
|---|---|---|---|
| 005 | 20260405004041.0 | ||
| 041 | _afre | ||
| 042 | _adc | ||
| 100 | 1 | 0 |
_aOrtoli, Sven _eauthor |
| 245 | 0 | 0 | _aFrancis Wolff : une apologie de la libération par la connaissance |
| 260 | _c2020. | ||
| 500 | _a12 | ||
| 690 | _aCaverne | ||
| 690 | _aMathématiques | ||
| 690 | _aMorale | ||
| 690 | _aPlaton | ||
| 690 | _aPolitique | ||
| 690 | _aReligion | ||
| 690 | _aSocrate | ||
| 786 | 0 | _nPhilosophie magazine - Hors séries | Hors-série - Été 2020 | HS45 | 2020-05-01 | p. 7-10 | 2104-9246 | |
| 856 | 4 | 1 | _uhttps://shs.cairn.info/magazine-philosophie-magazine-2020-hs45-page-7?lang=fr&redirect-ssocas=7080 |
| 999 |
_c2073216 _d2073216 |
||